000 06439nam a22002657a 4500
003 NALT
005 20250107102843.0
008 250103b th ||||| |||| 00| 0 tha d
040 _aNALT
086 _aสว 09 7.3 388.044 2565
110 2 _aสำนักงานเลขาธิการวุฒิสภา.
_bสำนักกรรมาธิการ 1
_92441
245 1 0 _aรายงานการพิจารณาศึกษา เรื่อง การเพิ่มขีดความสามารถในการแข่งขันธุรกิจบริการโลจิสติกส์ไทย (Logistics) กรณีศึกษาเฉพาะ Last mile delivery ของ คณะกรรมาธิการการพาณิชย์และการอุตสาหกรรม วุฒิสภา สำนักกรรมาธิการ 1 สำนักงานเลขาธิการวุฒิสภา (ข้อมูล ณ เดือนกันยายน 2564) /
_cสำนักกรรมาธิการ 1 สำนักงานเลขาธิการวุฒิสภา.
260 _aกรุงเทพฯ :
_bสำนักงานเลขาธิการวุฒิสภา,
_c2565.
300 _a57 หน้า :
_bภาพประกอบ, ตาราง, แผนภูมิ ;
_c21 ซม. ;
505 2 _aบทที่ 1 บทนำ -- 1.1 หลักการ และเหตุผล -- 1.2 วัตถุประสงค์ -- 1.3 ขอบเขตการศึกษา -- 1.4 วิธีการศึกษา -- 1.5 ประโยชน์ที่คาดว่าจะได้รับ -- บทที่ 2 สถานะความสามารถทางการแข่งขันโลจิสติกส์ไทย -- 2.1 ภาพรวมพัฒนาการโลจิสติกส์ของไทย -- 2.2 สถานการณ์ความเชื่อมโยงของโลจิสติกส์ ธุรกิจพาณิชย์อิเล็กทรอนิกส์ (e-Commerce) และ Last Mile Delivery -- 2.3 ธุรกิจบริการส่งอาหาร และผู้เล่นในไทย -- 2.4 วิวัฒนาการของรูปแบบธุรกิจ e-Platform และความท้าทายในอนาคต -- บทที่ 3 การส่งเสริม และการกำกับดูแลกิจการโลจิสติกส์และหน่วยงานรัฐที่เกี่ยวข้องของไทย -- 3.1 ยุทธศาสตร์และนโยบายที่เกี่ยวข้อง -- 3.1.1 แผนการปฏิรูปประเทศ -- 3.1.2 แผนยุทธศาสตร์การพัฒนาระบบโลจิสติกส์ของประเทศไทย -- 3.2 การกำกับดูแลด้านความเป็นธรรมทางการค้า -- 3.3 การกำกับดูแลด้านราคา -- 3.4 การส่งเสริมผู้ประกอบการ -- บทที่ 4 บทวิเคราะห์ปัญหาอุปสรรคการเพิ่มขีดความสามารถในการแข่งขันธุรกิจบริการโลจิสติกส์ไทย -- 4.1 การแข่งขันด้านราคา -- 4.2 การพัฒนาคุณภาพการให้บริการ -- 4.3 การเข้าถึงแหล่งเงินทุนของผู้ประกอบการไทย -- 4.4 การเข้าถึงเทคโนโลยีดิจิทัล -- 4.5 ความเป็นธรรมทางการแข่งขัน -- 4.6 โครงสร้างผู้ถือหุ้นของผู้ประกอบการจากต่างประเทศ -- 4.7 หน่วยงานหลักในการสนับสนุนธุรกิจด้านโลจิสติกส์ -- 4.8 หน่วยงานหลักในการกำกับดูแลธุรกิจโลจิสติกส์ -- บทที่ 5 บทสรุปและข้อเสนอแนะเชิงนโยบาย -- 5.1 การแข่งขันด้านราคา -- 5.2 ความเป็นธรรมทางการค้า และการดำเนินการตามกฎหมาย -- 5.3 คุณภาพการให้บริการ -- 5.4 การเข้าถึงเงินทุนของผู้ประกอบการไทย -- 5.5 การเข้าถึงเทคโนโลยีดิจิทัล -- 5.6 การจัดเก็บภาษีธุรกิจพาณิชย์อิเล็กทรอนิกส์ -- 5.7 สินค้าในคลังสินค้าทัณฑ์บน -- 5.8 การสร้างและบริหารแพลตฟอร์มของประเทศไทย -- 5.9 สร้างระบบนิเวศที่เอื้ออำนวยต่อการเกิดธุรกิจ Startup -- 5.10 การกำกับและส่งเสริมธุรกิจการขนส่งสินค้าและพัสดุภัณฑ์และโลจิสติกส์.
610 2 4 _aคณะกรรมาธิการการพาณิชย์และการอุตสาหกรรม วุฒิสภา
_xรายงาน
_947147
650 4 _aการขนส่งสินค้า
_919739
653 4 _aLogistics
653 4 _aโลจิสติกส์
710 2 _aคณะกรรมาธิการการพาณิชย์และการอุตสาหกรรม วุฒิสภา
_947458
856 4 0 _uhttps://dl.parliament.go.th/handle/20.500.13072/597384
942 _cPAR
_2local
996 _akanyakorn.i
_bLIBSTF
_c2025-01-03
996 _ajamriang.p
_bCATSTF
_c2025-01-07
999 _c106234
_d106234
998 _j1020
_k นางจำเรียง ระวังสำโรง